[Event "Singher-Montmarquette II"]
[Site "Montreal CAN"]
[Date "2004.08.23"]
[Round "6"]
[White "Bolduc, Steve"]
[Black "Masse, Hugues"]
[Result "1-0"]
[WhiteElo "2248"]
[BlackElo "2224"]
[PlyCount "107"]
[GameId "2160767911096255"]
[EventDate "2004.06.12"]
[EventType "tourn"]
[EventRounds "9"]
[EventCountry "CAN"]
[SourceTitle "EXT 2022"]
[Source "ChessBase"]
[SourceDate "2021.10.06"]
[SourceVersion "1"]
[SourceVersionDate "2021.10.06"]
[SourceQuality "1"]

1. d4 Nf6 2. c4 g6 3. f3 d5 4. cxd5 Nxd5 5. e4 Nb6 6. Be3 Bg7 7. Ne2 O-O 8. Nec3 e5 9. d5 c6 10. Be2 cxd5 11. exd5 N8d7 12. Qb3 Nf6 13. Bxb6 Qxb6 14. Qxb6 axb6 15. Na3 e4 16. O-O-O exf3 17. Bxf3 Bf5 18. Rde1 Ng4 19. Bxg4 Bxg4 20. Nab5 Rfd8 21. Kc2 Rac8 22. Kb3 Rd7 23. Re3 Bf5 24. Rhe1 Bf6 25. Re8+ Rxe8 26. Rxe8+ Kg7 27. Kc4 Re7 28. Rxe7 Bxe7 29. d6 Bd8 30. Nc7 Kf6 31. Kd4 Bxc7 32. dxc7 Ke7 33. Nb5 Kd7 34. c8=Q+ Kxc8 35. Nd6+ Kd7 36. Nxf5 gxf5 37. Ke5 Ke7 38. Kxf5 f6 39. Kg4 Kf7 40. Kh5 Kg7 41. g4 Kh8 42. g5 fxg5 43. Kxg5 Kg7 44. a4 Kf7 45. Kf5 h6 46. h3 b5 47. axb5 b6 48. Ke5 Ke7 49. h4 Kd7 50. Kf6 Kd6 51. Kg6 Ke6 52. Kxh6 Kf6 53. h5 Kf7 54. Kg5 1-0

[Event "Singher-Montmarquette II"]
[Site "Montreal CAN"]
[Date "2004.08.30"]
[Round "7"]
[White "Bolduc, Steve"]
[Black "Singher, Jean-Pierre"]
[Result "1-0"]
[WhiteElo "2248"]
[BlackElo "2047"]
[PlyCount "121"]
[GameId "2160767911096257"]
[EventDate "2004.06.12"]
[EventType "tourn"]
[EventRounds "9"]
[EventCountry "CAN"]
[SourceTitle "EXT 2022"]
[Source "ChessBase"]
[SourceDate "2021.10.06"]
[SourceVersion "1"]
[SourceVersionDate "2021.10.06"]
[SourceQuality "1"]

1. d4 Nf6 2. c4 e6 3. Nc3 d5 4. Nf3 Be7 5. Bg5 O-O 6. e3 Nbd7 7. Qc2 a6 8. Rd1 c6 9. Bd3 Re8 10. O-O b5 11. cxb5 axb5 12. Ne5 Bb7 13. Nxd7 Qxd7 14. Bxf6 gxf6 15. Bxh7+ Kg7 16. Bd3 Rh8 17. f4 f5 18. Rf3 Bd6 19. Rdf1 Kf6 20. Rg3 Ba6 21. Qe2 Qa7 22. b3 b4 23. Na4 Bxd3 24. Qxd3 c5 25. dxc5 Bxc5 26. Kh1 Rac8 27. h3 Bd6 28. Rg5 Ke7 29. Kh2 Rh7 30. Rg3 Rh4 31. Rgf3 Qc7 32. g3 Rhh8 33. R3f2 Qc6 34. h4 f6 35. Rd1 Bb8 36. Qd4 Qe8 37. Qxb4+ Bd6 38. Qe1 Qh5 39. Qe2 Qg6 40. Qf3 Rh5 41. Rg2 Bb8 42. Nb6 Rc6 43. Nxd5+ exd5 44. Qxd5 Rd6 45. Qb7+ Ke6 46. Qc8+ Ke7 47. Qb7+ Ke6 48. Rgd2 Rxd2+ 49. Rxd2 Qe8 50. a4 Rh8 51. Qd5+ Ke7 52. Qxf5 Qc6 53. Qd5 Qc1 54. Qe4+ Be5 55. Qb4+ Ke6 56. fxe5 fxe5 57. Qd6+ Kf5 58. Qd7+ Ke4 59. Qd3+ Kf3 60. e4+ Kg4 61. Qe2# 1-0

[Event "Singher-Montmarquette II"]
[Site "Montreal CAN"]
[Date "2004.08.30"]
[Round "7"]
[White "Rousseau, Daniel"]
[Black "Tremblay, Alain"]
[Result "0-1"]
[WhiteElo "2067"]
[BlackElo "2127"]
[PlyCount "66"]
[GameId "2160767911096258"]
[EventDate "2004.06.12"]
[EventType "tourn"]
[EventRounds "9"]
[EventCountry "CAN"]
[SourceTitle "EXT 2022"]
[Source "ChessBase"]
[SourceDate "2021.10.06"]
[SourceVersion "1"]
[SourceVersionDate "2021.10.06"]
[SourceQuality "1"]

1. e4 e5 2. Nf3 Nc6 3. Bb5 a6 4. Ba4 Nf6 5. O-O Be7 6. Re1 b5 7. Bb3 O-O 8. a4 Rb8 9. axb5 axb5 10. Nc3 d6 11. h3 Re8 12. d3 h6 13. Be3 b4 14. Nd5 Bf8 15. Qd2 Nxd5 16. Bxd5 Ne7 17. Bb3 c5 18. Ra7 Bd7 19. Rea1 Nc6 20. R7a6 Nd4 21. Bxd4 cxd4 22. Qd1 Be7 23. Nd2 Rf8 24. f4 Be6 25. Bxe6 fxe6 26. fxe5 dxe5 27. Qg4 Bg5 28. Nc4 b3 29. Qxe6+ Kh7 30. cxb3 Rxb3 31. Nxe5 Rxb2 32. Qg6+ Kg8 33. Nf7 Rxf7 0-1

[Event "Singher-Montmarquette II"]
[Site "Montreal CAN"]
[Date "2004.08.30"]
[Round "8"]
[White "McDonough, Jonathan"]
[Black "Rousseau, Daniel"]
[Result "1-0"]
[WhiteElo "2270"]
[BlackElo "2067"]
[PlyCount "55"]
[GameId "2160767911096260"]
[EventDate "2004.06.12"]
[EventType "tourn"]
[EventRounds "9"]
[EventCountry "CAN"]
[SourceTitle "EXT 2022"]
[Source "ChessBase"]
[SourceDate "2021.10.06"]
[SourceVersion "1"]
[SourceVersionDate "2021.10.06"]
[SourceQuality "1"]

1. d4 Nf6 2. g3 g6 3. Bg2 Bg7 4. Nf3 O-O 5. O-O d6 6. c4 Nc6 7. Nc3 a6 8. h3 Rb8 9. Be3 b5 10. Nd2 Na5 11. cxb5 axb5 12. b4 Nc4 13. Nxc4 bxc4 14. b5 Bb7 15. Bxb7 Rxb7 16. a4 d5 17. a5 Qd7 18. Kh2 Rfb8 19. Bf4 Ra8 20. Qc2 Nh5 21. Be3 Rba7 22. Qa4 Qd8 23. Qb4 e6 24. a6 Bf8 25. Qa5 Bd6 26. Rfb1 Qh4 27. Rg1 Rb8 28. Na4 1-0

[Event "Singher-Montmarquette II"]
[Site "Montreal CAN"]
[Date "2004.09.04"]
[Round "9"]
[White "Rousseau, Daniel"]
[Black "Dumouchel, Alain"]
[Result "1-0"]
[WhiteElo "2067"]
[BlackElo "2074"]
[PlyCount "61"]
[GameId "2160767911096262"]
[EventDate "2004.06.12"]
[EventType "tourn"]
[EventRounds "9"]
[EventCountry "CAN"]
[SourceTitle "EXT 2022"]
[Source "ChessBase"]
[SourceDate "2021.10.06"]
[SourceVersion "1"]
[SourceVersionDate "2021.10.06"]
[SourceQuality "1"]

1. e4 e5 2. Nf3 Nc6 3. Bb5 a6 4. Ba4 Nf6 5. O-O b5 6. Bb3 Bc5 7. c3 d6 8. d4 Bb6 9. h3 O-O 10. Re1 Bb7 11. a4 Rb8 12. axb5 axb5 13. Na3 Na5 14. Bc2 Qe8 15. Bg5 Nh5 16. b4 Nc4 17. Nxc4 bxc4 18. Nd2 f6 19. Be3 d5 20. g4 Nf4 21. Bxf4 exf4 22. Qf3 Qg6 23. Qxf4 h5 24. Qf5 Qh6 25. exd5 hxg4 26. Nxc4 Bc8 27. Qg6 Qxh3 28. Re7 Qh8 29. Nxb6 g3 30. fxg3 Rxb6 31. d6 1-0

[Event "Solide comme le roque"]
[Site "Gatineau CAN"]
[Date "2004.11.05"]
[Round "3"]
[White "Gagnon, Fabien"]
[Black "Paquette, Jean-Guy"]
[Result "1-0"]
[WhiteElo "2019"]
[BlackElo "1425"]
[PlyCount "69"]
[GameId "2160767911060868"]
[EventDate "2004.11.05"]
[EventType "swiss"]
[EventRounds "5"]
[EventCountry "CAN"]

1. Nf3 f5 2. b3 Nf6 3. Bb2 e6 4. g3 d5 5. Bg2 Be7 6. O-O O-O 7. d3 c6 8. Nbd2 b6 9. Qe1 Na6 10. a3 Bb7 11. e4 fxe4 12. dxe4 Nc7 13. Ne5 d4 14. b4 c5 15. bxc5 bxc5 16. Rb1 Qc8 17. f3 Nb5 18. Bh3 Nd6 19. c3 dxc3 20. Bxc3 Bd8 21. Ndc4 Bc7 22. Qd1 Nxc4 23. Nxc4 Ba6 24. Qa4 Bxc4 25. Qxc4 Re8 26. Rfd1 Bb6 27. Rd6 Kf7 28. Rbd1 Rb8 29. Kg2 Rb7 30. a4 Rbe7 31. a5 Bd8 32. Ra6 h6 33. Rdd6 Nh7 34. Rac6 Qb8 35. Rxe6 1-0

[Event "Solide comme le roque"]
[Site "Gatineau CAN"]
[Date "2004.11.12"]
[Round "4"]
[White "Scantland, Patrick"]
[Black "Gagnon, Fabien"]
[Result "0-1"]
[WhiteElo "1600"]
[BlackElo "2019"]
[PlyCount "56"]
[GameId "2160767911060869"]
[EventDate "2004.11.05"]
[EventType "swiss"]
[EventRounds "5"]
[EventCountry "CAN"]

1. d4 Nf6 2. c4 g6 3. Nc3 Bg7 4. e4 d6 5. Nf3 O-O 6. Be2 Nbd7 7. O-O e5 8. b4 exd4 9. Nxd4 Re8 10. f3 Nh5 11. Be3 Qh4 12. Qd2 Be5 13. f4 Bg7 14. Rae1 a5 15. a3 axb4 16. axb4 Ra3 17. Bd3 c6 18. Qb2 Ra8 19. Qd2 Nf8 20. Bc2 Be6 21. Nxe6 Nxe6 22. Ne2 Ra2 23. Qd3 Rea8 24. f5 Ng5 25. Bb3 Be5 26. Nf4 Nxf4 27. Bxf4 Bxf4 28. Bxa2 Bxh2+ 0-1

[Event "Solide comme le roque"]
[Site "Gatineau CAN"]
[Date "2004.11.19"]
[Round "5"]
[White "Gagnon, Fabien"]
[Black "Roy, Roger"]
[Result "1-0"]
[WhiteElo "2019"]
[BlackElo "1740"]
[PlyCount "87"]
[GameId "2160767911060870"]
[EventDate "2004.11.05"]
[EventType "swiss"]
[EventRounds "5"]
[EventCountry "CAN"]

1. Nf3 d5 2. g3 Nf6 3. Bg2 e6 4. O-O c5 5. d4 h6 6. c4 Nc6 7. cxd5 Nxd5 8. Nc3 Nxc3 9. bxc3 cxd4 10. cxd4 Bd6 11. Bb2 O-O 12. Qd3 Rb8 13. Rfd1 Nb4 14. Qb3 b6 15. a3 Na6 16. e4 Bb7 17. d5 exd5 18. exd5 Rc8 19. Nd4 Nc5 20. Qf3 Na4 21. Rab1 Nxb2 22. Rxb2 Rc5 23. Nc6 Qg5 24. h4 Qg6 25. Qb3 Ra8 26. Re2 Qg4 27. Qe3 Ba6 28. Red2 Rc2 29. Re1 Rxd2 30. Qxd2 Qd7 31. Qe3 Kf8 32. Qe4 Re8 33. Qb1 Rxe1+ 34. Qxe1 Bxa3 35. Nb8 Qc8 36. Qa1 Qc1+ 37. Qxc1 Bxc1 38. Nxa6 Ba3 39. Nc7 a5 40. Nb5 Bc5 41. Bf1 Ke7 42. Bc4 f6 43. h5 Kd7 44. Kf1 1-0

[Event "St Jean op"]
[Site "St Jean sur Richelieu CAN"]
[Date "2004.06.25"]
[Round "1"]
[White "Archambault, Serge"]
[Black "Boissinot, Claude"]
[Result "1-0"]
[WhiteElo "1695"]
[BlackElo "1520"]
[PlyCount "109"]
[GameId "2160767911145582"]
[EventDate "2004.06.??"]
[EventType "swiss"]
[EventRounds "5"]
[EventCountry "CAN"]
[SourceTitle "EXT 2006"]
[Source "ChessBase"]
[SourceDate "2005.11.24"]
[SourceVersion "1"]
[SourceVersionDate "2005.11.24"]
[SourceQuality "1"]

1. d4 Nf6 2. c4 e6 3. Nc3 Be7 4. e4 d6 5. f4 O-O 6. Be2 b6 7. e5 dxe5 8. fxe5 Ne8 9. Bf3 c6 10. Nge2 Bb7 11. Be3 Nd7 12. Qd2 Qc7 13. Bg5 f6 14. exf6 Bxf6 15. O-O Rd8 16. Bxf6 Nexf6 17. Qe3 Rfe8 18. Rad1 a6 19. Ng3 e5 20. d5 cxd5 21. cxd5 Qc5 22. Rfe1 Qxe3+ 23. Rxe3 b5 24. Nf5 Nb6 25. d6 Bxf3 26. gxf3 Nc4 27. Re2 Kf7 28. b3 Nb6 29. Rde1 g6 30. Nh6+ Kg7 31. Ng4 Nxg4 32. fxg4 Rxd6 33. Rxe5 Rxe5 34. Rxe5 Kf6 35. Re2 Kf7 36. Ne4 Rd7 37. Nc5 Rd1+ 38. Kg2 Rd4 39. Kg3 Nd5 40. Rf2+ Ke7 41. Nxa6 Rd3+ 42. Rf3 Rxf3+ 43. Kxf3 g5 44. a3 h6 45. h3 Kd6 46. Ke4 Nf4 47. Kf5 Nxh3 48. Nb4 Nf4 49. Nc2 Ne6 50. Kg6 Nf4+ 51. Kxh6 Kc5 52. Kxg5 Ne6+ 53. Kf6 Nf4 54. g5 Nd5+ 55. Kf7 1-0

[Event "St Jean op"]
[Site "St Jean sur Richelieu CAN"]
[Date "2004.06.25"]
[Round "1"]
[White "Audet-Bouchard, Nicolas"]
[Black "Godbout, Mathieu"]
[Result "0-1"]
[WhiteElo "2084"]
[BlackElo "1808"]
[PlyCount "72"]
[GameId "2160767911145583"]
[EventDate "2004.06.??"]
[EventType "swiss"]
[EventRounds "5"]
[EventCountry "CAN"]
[SourceTitle "EXT 2006"]
[Source "ChessBase"]
[SourceDate "2005.11.24"]
[SourceVersion "1"]
[SourceVersionDate "2005.11.24"]
[SourceQuality "1"]

1. e4 c5 2. Nf3 e6 3. d4 cxd4 4. Nxd4 a6 5. Bd3 Bc5 6. Nb3 Ba7 7. O-O Nc6 8. c4 Nf6 9. Nc3 d6 10. Bf4 O-O 11. Be2 e5 12. Bg5 Be6 13. Nd5 Bxd5 14. cxd5 Nb8 15. Bxf6 Qxf6 16. Rc1 Qd8 17. Bg4 Nd7 18. Bxd7 Qxd7 19. Qd2 f5 20. exf5 Rxf5 21. Rc2 Raf8 22. Qe1 Qf7 23. Rd2 Qf6 24. Na5 Qh4 25. g3 Qh3 26. Qe4 Rf3 27. Nxb7 R8f6 28. Qh4 Qc8 29. Na5 Qc5 30. Nb3 Qb6 31. g4 Qb4 32. Rc2 h6 33. h3 Kh7 34. Nc1 Qe4 35. Rd2 g5 36. Qh5 Rg3+ 0-1

[Event "St Jean op"]
[Site "St Jean sur Richelieu CAN"]
[Date "2004.06.25"]
[Round "1"]
[White "Belanger, Gervais"]
[Black "Dube, Roger"]
[Result "0-1"]
[WhiteElo "1084"]
[BlackElo "1334"]
[PlyCount "56"]
[GameId "2160767911145584"]
[EventDate "2004.06.??"]
[EventType "swiss"]
[EventRounds "5"]
[EventCountry "CAN"]
[SourceTitle "EXT 2006"]
[Source "ChessBase"]
[SourceDate "2005.11.24"]
[SourceVersion "1"]
[SourceVersionDate "2005.11.24"]
[SourceQuality "1"]

1. e4 c5 2. Nf3 d6 3. d4 cxd4 4. Nxd4 Nf6 5. Nc3 a6 6. Bg5 e6 7. Qd2 Nbd7 8. f4 Be7 9. O-O-O h6 10. Bxf6 Nxf6 11. h3 Qc7 12. g4 Nd7 13. Be2 b5 14. Nb3 Bb7 15. Rhg1 e5 16. Kb1 exf4 17. Qxf4 Rc8 18. Rgf1 Ne5 19. Qd2 b4 20. Nd5 Bxd5 21. exd5 Bg5 22. Qxb4 Qxc2+ 23. Ka1 O-O 24. Bxa6 Rb8 25. Qxd6 Nc4 26. Bxc4 Qxc4 27. Qc6 Qe2 28. Qc2 Qxc2 0-1

[Event "St Jean op"]
[Site "St Jean sur Richelieu CAN"]
[Date "2004.06.25"]
[Round "1"]
[White "Benoit, Sebastien"]
[Black "Nadeau, Sebastien"]
[Result "1-0"]
[WhiteElo "1690"]
[BlackElo "1838"]
[PlyCount "159"]
[GameId "2160767911145585"]
[EventDate "2004.06.??"]
[EventType "swiss"]
[EventRounds "5"]
[EventCountry "CAN"]
[SourceTitle "EXT 2006"]
[Source "ChessBase"]
[SourceDate "2005.11.24"]
[SourceVersion "1"]
[SourceVersionDate "2005.11.24"]
[SourceQuality "1"]

1. e4 c5 2. Nf3 d6 3. d4 cxd4 4. Nxd4 Nf6 5. Nc3 a6 6. f3 e6 7. Be3 Be7 8. Qd2 Qc7 9. g4 Nc6 10. h4 Ne5 11. O-O-O Nc4 12. Bxc4 Qxc4 13. h5 b5 14. Kb1 h6 15. Rdg1 Bb7 16. g5 hxg5 17. Rxg5 Rg8 18. Qg2 Nd7 19. Rxg7 Rxg7 20. Qxg7 Bf6 21. Qg8+ Ke7 22. Qg1 b4 23. Nce2 Rc8 24. Bg5 Rg8 25. Bxf6+ Nxf6 26. Qh2 Qc5 27. h6 Bc8 28. Qf4 e5 29. Nf5+ Bxf5 30. Qxf5 Qe3 31. h7 Rh8 32. Ng3 Nxh7 33. Qxe5+ dxe5 34. Nf5+ Ke6 35. Nxe3 Rg8 36. Ng4 Ng5 37. Rh6+ Ke7 38. Nxe5 Nxe4 39. Rh1 Nd2+ 40. Kc1 Rg2 41. Nc6+ Kd6 42. Nxb4 Ke5 43. Nd3+ Kd4 44. Rh4+ Ke3 45. Rh1 Nxf3 46. Ne1 Rg1 47. Rxg1 Nxg1 48. Kd1 f5 49. c4 Kd4 50. b3 f4 51. Nc2+ Kc5 52. Ke1 Nh3 53. Ke2 Ng5 54. Kd3 f3 55. b4+ Kd6 56. Ke3 a5 57. a3 axb4 58. axb4 Ke5 59. b5 Kd6 60. Nd4 Kc5 61. Nxf3 Ne6 62. Kd3 Nf4+ 63. Ke4 Kxc4 64. b6 Ne6 65. Ke5 Nc5 66. Kd6 Kb5 67. Kc7 Na6+ 68. Kb7 Nc5+ 69. Ka7 Kc6 70. Nd4+ Kd5 71. Nb5 Kc6 72. Nc7 Kd7 73. Na6 Ne6 74. Nb8+ Kd6 75. Nc6 Nc5 76. Nb4 Kd7 77. Nd3 Ne6 78. b7 Nd8 79. Ne5+ Kd6 80. b8=Q+ 1-0

[Event "St Jean op"]
[Site "St Jean sur Richelieu CAN"]
[Date "2004.06.25"]
[Round "1"]
[White "Berube, Antoine"]
[Black "Masse, Hugues"]
[Result "1-0"]
[WhiteElo "2011"]
[BlackElo "2249"]
[PlyCount "47"]
[GameId "2160767911145586"]
[EventDate "2004.06.??"]
[EventType "swiss"]
[EventRounds "5"]
[EventCountry "CAN"]
[SourceTitle "EXT 2006"]
[Source "ChessBase"]
[SourceDate "2005.11.24"]
[SourceVersion "1"]
[SourceVersionDate "2005.11.24"]
[SourceQuality "1"]

1. d4 Nf6 2. c4 g6 3. Nc3 d5 4. cxd5 Nxd5 5. e4 Nxc3 6. bxc3 Bg7 7. Bc4 c5 8. Ne2 Nc6 9. Be3 cxd4 10. cxd4 Qa5+ 11. Bd2 Qh5 12. Bc3 Qg4 13. Ng3 O-O 14. f3 Qg5 15. Qd3 Rd8 16. Bd5 Nxd4 17. Bxd4 Bxd4 18. Qxd4 e6 19. O-O exd5 20. Rad1 Be6 21. f4 Qg4 22. Qf6 Rd7 23. f5 Bxf5 24. exf5 1-0

[Event "St Jean op"]
[Site "St Jean sur Richelieu CAN"]
[Date "2004.06.25"]
[Round "1"]
[White "Breton, Yves"]
[Black "Deschambault, Alexandre"]
[Result "1/2-1/2"]
[WhiteElo "1485"]
[BlackElo "1682"]
[PlyCount "67"]
[GameId "2160767911145587"]
[EventDate "2004.06.??"]
[EventType "swiss"]
[EventRounds "5"]
[EventCountry "CAN"]
[SourceTitle "EXT 2006"]
[Source "ChessBase"]
[SourceDate "2005.11.24"]
[SourceVersion "1"]
[SourceVersionDate "2005.11.24"]
[SourceQuality "1"]

1. d4 d5 2. c4 c6 3. Nf3 e6 4. Qc2 Bd6 5. Nc3 f5 6. Bg5 Nf6 7. e3 O-O 8. Bd3 h6 9. Bxf6 Qxf6 10. O-O g5 11. Rab1 h5 12. Rfc1 Nd7 13. cxd5 exd5 14. b4 a6 15. a4 g4 16. Ne1 Qh4 17. g3 Qg5 18. Ng2 Rf7 19. Nf4 Nf8 20. b5 axb5 21. axb5 h4 22. bxc6 bxc6 23. Ra1 Rxa1 24. Rxa1 hxg3 25. hxg3 Qe7 26. Ng2 Bd7 27. Rf1 Qg5 28. Ne2 Nh7 29. Nef4 Nf6 30. Rc1 Ne8 31. Nh4 Ng7 32. Ra1 Re7 33. Ra8+ Kf7 34. Nhg2 1/2-1/2

[Event "St Jean op"]
[Site "St Jean sur Richelieu CAN"]
[Date "2004.06.25"]
[Round "1"]
[White "Caire, Francois"]
[Black "Valley, Michel"]
[Result "1-0"]
[WhiteElo "2097"]
[BlackElo "1874"]
[PlyCount "75"]
[GameId "2160767911145588"]
[EventDate "2004.06.??"]
[EventType "swiss"]
[EventRounds "5"]
[EventCountry "CAN"]
[SourceTitle "EXT 2006"]
[Source "ChessBase"]
[SourceDate "2005.11.24"]
[SourceVersion "1"]
[SourceVersionDate "2005.11.24"]
[SourceQuality "1"]

1. d4 Nf6 2. g3 g6 3. Bg2 Bg7 4. e4 d6 5. Ne2 O-O 6. O-O e5 7. h3 Nc6 8. Re1 Re8 9. Nbc3 exd4 10. Nxd4 Nxd4 11. Qxd4 Nxe4 12. Qe3 Nf6 13. Qd2 Rxe1+ 14. Qxe1 c6 15. Be3 Bf5 16. Qd2 h5 17. a4 Qd7 18. Kh2 d5 19. a5 Ne8 20. Ra4 Nd6 21. b3 a6 22. Rb4 Bxc3 23. Qxc3 Nb5 24. Qf6 Qe6 25. Qg5 d4 26. Bxd4 Nxd4 27. Rxd4 Bxc2 28. Rh4 Kh7 29. g4 f6 30. Qd2 Bxb3 31. gxh5 g5 32. Re4 Qf7 33. Qd6 Kh6 34. Re7 Qf8 35. h4 Qb8 36. Rc7 Kxh5 37. Bf3+ Kg6 38. Be4+ 1-0

[Event "St Jean op"]
[Site "St Jean sur Richelieu CAN"]
[Date "2004.06.25"]
[Round "1"]
[White "Chevalier, Danny"]
[Black "Younsi, Malik"]
[Result "0-1"]
[WhiteElo "1188"]
[BlackElo "1472"]
[PlyCount "74"]
[GameId "2160767911145589"]
[EventDate "2004.06.??"]
[EventType "swiss"]
[EventRounds "5"]
[EventCountry "CAN"]
[SourceTitle "EXT 2006"]
[Source "ChessBase"]
[SourceDate "2005.11.24"]
[SourceVersion "1"]
[SourceVersionDate "2005.11.24"]
[SourceQuality "1"]

1. d4 d5 2. Bf4 c6 3. a3 Nf6 4. Nc3 e6 5. Nf3 Bd6 6. e3 Bxf4 7. exf4 Qc7 8. g3 O-O 9. Bd3 Nbd7 10. Qd2 c5 11. Ne5 cxd4 12. Nb5 Qb6 13. O-O-O g6 14. c3 dxc3 15. Nxc3 Nxe5 16. fxe5 Ng4 17. Rdf1 Nxe5 18. Be2 Bd7 19. h4 Rac8 20. Kb1 Nc4 21. Bxc4 Rxc4 22. h5 Bc6 23. Qh6 Qc7 24. hxg6 fxg6 25. Rh2 a6 26. Ne2 Qg7 27. Qh3 Qf7 28. Nf4 Qf5+ 29. Ka1 Qxh3 30. Rxh3 Bd7 31. Rh6 d4 32. Nd3 Bc6 33. Ne5 Rc2 34. f4 Re2 35. g4 Rxe5 36. f5 exf5 37. gxf5 Rexf5 0-1

[Event "St Jean op"]
[Site "St Jean sur Richelieu CAN"]
[Date "2004.06.25"]
[Round "1"]
[White "Coulon, Dominic"]
[Black "Bender, Karl"]
[Result "0-1"]
[WhiteElo "1803"]
[BlackElo "1580"]
[PlyCount "32"]
[GameId "2160767911145590"]
[EventDate "2004.06.??"]
[EventType "swiss"]
[EventRounds "5"]
[EventCountry "CAN"]
[SourceTitle "EXT 2006"]
[Source "ChessBase"]
[SourceDate "2005.11.24"]
[SourceVersion "1"]
[SourceVersionDate "2005.11.24"]
[SourceQuality "1"]

1. e4 c5 2. Nf3 d6 3. d4 cxd4 4. Nxd4 Nf6 5. Nc3 Nc6 6. Bg5 e6 7. Bc4 a6 8. Nxc6 bxc6 9. O-O Be7 10. f4 h6 11. Bh4 Bb7 12. f5 e5 13. Bxf6 Bxf6 14. Qh5 d5 15. exd5 cxd5 16. Bxd5 Bxd5 0-1

[Event "St Jean op"]
[Site "St Jean sur Richelieu CAN"]
[Date "2004.06.25"]
[Round "1"]
[White "Crepault, Francois"]
[Black "Goulet, Jean-Claude"]
[Result "1-0"]
[WhiteElo "1465"]
[BlackElo "1188"]
[PlyCount "126"]
[GameId "2160767911145591"]
[EventDate "2004.06.??"]
[EventType "swiss"]
[EventRounds "5"]
[EventCountry "CAN"]
[SourceTitle "EXT 2006"]
[Source "ChessBase"]
[SourceDate "2005.11.24"]
[SourceVersion "1"]
[SourceVersionDate "2005.11.24"]
[SourceQuality "1"]

1. Nf3 Nf6 2. c4 c5 3. Nc3 d6 4. g3 Nc6 5. Bg2 e6 6. O-O Be7 7. d4 O-O 8. e4 cxd4 9. Nxd4 Nxd4 10. Qxd4 e5 11. Qd1 a6 12. h3 Rb8 13. Qe2 b6 14. Rd1 Be6 15. Bg5 Qc8 16. Nd5 Nxd5 17. cxd5 Bxg5 18. dxe6 Qxe6 19. Qxa6 Rfc8 20. Qd3 Rc6 21. h4 Bd8 22. Kh2 b5 23. Bh3 Qe7 24. Rac1 Rxc1 25. Rxc1 Qa7 26. Kg2 Be7 27. a3 Qb7 28. Qd5 Qxd5 29. exd5 g6 30. b4 Kg7 31. Rc7 Bd8 32. Rd7 Bb6 33. Rxd6 e4 34. Rc6 f5 35. d6 Kf7 36. g4 Bd8 37. gxf5 gxf5 38. Bxf5 Bxh4 39. d7 Rg8+ 40. Kf1 Bd8 41. Bxh7 Rh8 42. Bg6+ Ke7 43. Be8 Rxe8 44. dxe8=Q+ Kxe8 45. Re6+ Kd7 46. Rxe4 Kc6 47. f4 Kd5 48. Re3 Bb6 49. Rf3 Ke4 50. Ke2 Kf5 51. Kf1 Bc7 52. Rc3 Bxf4 53. Rc5+ Ke4 54. Rxb5 Kd4 55. Rh5 Kc3 56. b5 Kb3 57. a4 Bc7 58. Rh4 Ba5 59. Kf2 Bb6+ 60. Kf3 Ba5 61. Re4 Bb6 62. Kf4 Ba5 63. Ke5 Bc3+ 1-0

[Event "St Jean op"]
[Site "St Jean sur Richelieu CAN"]
[Date "2004.06.25"]
[Round "1"]
[White "Cummins, Paul"]
[Black "Turcot, Jean"]
[Result "1-0"]
[WhiteElo "1666"]
[BlackElo "1444"]
[PlyCount "109"]
[GameId "2160767911145592"]
[EventDate "2004.06.??"]
[EventType "swiss"]
[EventRounds "5"]
[EventCountry "CAN"]
[SourceTitle "EXT 2006"]
[Source "ChessBase"]
[SourceDate "2005.11.24"]
[SourceVersion "1"]
[SourceVersionDate "2005.11.24"]
[SourceQuality "1"]

1. e4 c5 2. Nf3 d6 3. d4 cxd4 4. Nxd4 Nf6 5. Nc3 a6 6. Be3 e5 7. Nb3 Nbd7 8. f3 b5 9. g4 h6 10. Bg2 Bb7 11. Qd2 Qc7 12. O-O-O Nb6 13. Na5 Rc8 14. Nxb7 Qxb7 15. Bxb6 Qxb6 16. Nd5 Nxd5 17. exd5 Be7 18. Kb1 Bg5 19. Qe2 O-O 20. h4 Qe3 21. Qxe3 Bxe3 22. Rd3 Bf4 23. Bh3 g5 24. hxg5 hxg5 25. Bf1 Kg7 26. Rd1 Rh8 27. Bd3 Rxh1 28. Rxh1 Rh8 29. Rxh8 Kxh8 30. a4 a5 31. Bxb5 Be3 32. c3 Kg7 33. Bd3 Kf6 34. Kc2 Ke7 35. b4 Bb6 36. Kb3 Kd8 37. Kc4 Kc7 38. Kb5 Kb7 39. Bf5 Kc7 40. Ka6 Be3 41. Kxa5 Kb7 42. Kb5 Bd2 43. c4 Be3 44. c5 Kc7 45. cxd6+ Kxd6 46. Be4 Kc7 47. Ka6 Bd2 48. b5 Be3 49. a5 f6 50. b6+ Kb8 51. Kb5 Bc1 52. Kc6 Kc8 53. a6 Kb8 54. d6 Ba3 55. a7+ 1-0

[Event "St Jean op"]
[Site "St Jean sur Richelieu CAN"]
[Date "2004.06.25"]
[Round "1"]
[White "Fortier, Marc-Andre"]
[Black "Angers, Gilles"]
[Result "1/2-1/2"]
[WhiteElo "2161"]
[BlackElo "1966"]
[PlyCount "79"]
[GameId "2160767911145593"]
[EventDate "2004.06.??"]
[EventType "swiss"]
[EventRounds "5"]
[EventCountry "CAN"]
[SourceTitle "EXT 2006"]
[Source "ChessBase"]
[SourceDate "2005.11.24"]
[SourceVersion "1"]
[SourceVersionDate "2005.11.24"]
[SourceQuality "1"]

1. e4 e6 2. Qe2 c5 3. g3 Nc6 4. Bg2 d6 5. d3 g6 6. c3 Bg7 7. f4 Nge7 8. Nf3 O-O 9. O-O Rb8 10. Be3 b6 11. d4 cxd4 12. Nxd4 Nxd4 13. cxd4 d5 14. e5 Nf5 15. Bf2 Bd7 16. Nd2 Qe8 17. Rfc1 Bb5 18. Qf3 Qd7 19. g4 Ne7 20. g5 Rfc8 21. Nf1 Nf5 22. Bh3 Rxc1 23. Rxc1 Rc8 24. Rc3 Rxc3 25. Qxc3 Qc6 26. Qxc6 Bxc6 27. Bxf5 gxf5 28. Be1 Bf8 29. a3 Kg7 30. Ng3 Kg6 31. h4 h6 32. h5+ Kg7 33. Bb4 Bxb4 34. axb4 Bb5 35. Kf2 Kh7 36. Ke3 Kg7 37. b3 Kh7 38. Nh1 Kg7 39. Nf2 Kh7 40. Kf3 1/2-1/2

[Event "St Jean op"]
[Site "St Jean sur Richelieu CAN"]
[Date "2004.06.25"]
[Round "1"]
[White "Lanzilotta Mernies, Marcelo"]
[Black "Page, Denis"]
[Result "1-0"]
[WhiteElo "1845"]
[BlackElo "1644"]
[PlyCount "71"]
[GameId "2160767911145594"]
[EventDate "2004.06.??"]
[EventType "swiss"]
[EventRounds "5"]
[EventCountry "CAN"]
[SourceTitle "EXT 2006"]
[Source "ChessBase"]
[SourceDate "2005.11.24"]
[SourceVersion "1"]
[SourceVersionDate "2005.11.24"]
[SourceQuality "1"]

1. e4 c5 2. c3 d5 3. exd5 Qxd5 4. d4 cxd4 5. cxd4 Nc6 6. Nf3 e6 7. Nc3 Qd8 8. Bd3 Be7 9. Bf4 Nf6 10. O-O a6 11. Rc1 Nb4 12. Bb1 O-O 13. Be5 Nfd5 14. Re1 Bg5 15. Nxg5 Qxg5 16. a3 Nc6 17. Qd3 Qh5 18. Qg3 f6 19. Bd6 Rd8 20. Re4 Qf7 21. Rh4 g6 22. Rh6 Nxc3 23. bxc3 f5 24. Ba2 Qg7 25. Bf4 Re8 26. h4 b5 27. h5 Ra7 28. hxg6 Qf8 29. Qh3 Ree7 30. Bd6 Kh8 31. Bxe7 Qxe7 32. Rxh7+ Qxh7 33. gxh7 Rxh7 34. Qg3 Bb7 35. Bxe6 Nd8 36. Qg8# 1-0